000 00206nam a2200085Ia 4500
008 170620s9999 xx 000 0 und d
100 _aChitkara- M.G
245 0 _aEducation and Human Values
260 _bNew Delhi- A.P.H
260 _c2010
999 _c25772
_d25772